[Event "FRA-ch U26"]
[Site "Bastia"]
[Date "2024.04.06"]
[Round "4"]
[White "Bosc, Seraphina"]
[Black "Mathieu, Phileas"]
[Result "1-0"]
[WhiteElo "2216"]
[BlackElo "2325"]
[PlyCount "76"]
[EventDate "2024.04.06"]
[EventType "swiss"]
[EventRounds "9"]
[EventCountry "FRA"]
[SourceTitle "CB16_2024"]
[SourceDate "2024.04.17"]
[SourceVersion "1"]
[SourceVersionDate "2024.04.17"]
[SourceQuality "1"]

1. b3 c5 2. Bb2 Nc6 3. Nf3 d6 4. e3 e5 5. c4 Nf6 6. d3 g6 7. Be2 Bg7 8. 0-0 0-0 9. Nc3 b6 10. Nd2 Bb7 11. Bf3 Bc8 12. Qe2 Bb7 13. Nde4 Nxe4 14. Bxe4 f5 15. Bf3 Qd7 16. a3 Rae8 17. Rab1 h6 18. b4 Kh7 19. b5 Nd4 20. exd4 exd4 21. Qd2 Bxf3 22. gxf3 dxc3 23. Bxc3 Bxc3 24. Qxc3 f4 25. Rfe1 Qg7 26. Qd2 Qd4 27. Rxe8 Rxe8 28. Re1 Re5 29. Rxe5 Qxe5 30. Kg2 Kg7 31. a4 Kf6 32. a5 g5 33. axb6 axb6 34. Qa2 h5 35. Qa3 g4 36. Qa8 Qf5 37. Qd8+ Ke5 38. Qh8+ Ke6 1-0

[Event "FRA-ch U26"]
[Site "Bastia"]
[Date "2024.04.06"]
[Round "6"]
[White "Cahen, Alexis"]
[Black "Bosc, Seraphina"]
[Result "1-0"]
[WhiteElo "2060"]
[BlackElo "2216"]
[PlyCount "65"]
[EventDate "2024.04.06"]
[EventType "swiss"]
[EventRounds "9"]
[EventCountry "FRA"]
[SourceTitle "CB16_2024"]
[SourceDate "2024.04.17"]
[SourceVersion "1"]
[SourceVersionDate "2024.04.17"]
[SourceQuality "1"]

1. d4 d5 2. Bf4 Nf6 3. e3 e6 4. Nf3 c5 5. c3 Nc6 6. Nbd2 Nh5 7. Bg3 Nxg3 8. hxg3 Bd7 9. Bd3 g6 10. e4 cxd4 11. cxd4 Nb4 12. Qe2 Nxd3+ 13. Qxd3 dxe4 14. Qxe4 Bg7 15. Ne5 0-0 16. 0-0 Bb5 17. Rfc1 b6 18. Ndf3 Rc8 19. Qb7 Bxe5 20. dxe5 Qd7 21. Qe4 Bc6 22. Qh4 Bxf3 23. gxf3 Rxc1+ 24. Rxc1 Qd2 25. Rc4 Qe1+ 26. Kg2 Qxe5 27. Qe7 Qxb2 28. Qxa7 b5 29. Rc7 Qf6 30. Qb6 Ra8 31. Qc6 Rb8 32. Qd6 Qf5 33. Rc5 1-0

[Event "FRA-ch op-A"]
[Site "L'Alpe d'Huez"]
[Date "2023.08.26"]
[Round "8"]
[White "Martin, Nils"]
[Black "Bosc, Seraphina"]
[Result "1-0"]
[WhiteElo "1986"]
[BlackElo "2174"]
[PlyCount "107"]
[EventDate "2023.08.19"]
[EventType "swiss"]
[EventRounds "9"]
[EventCountry "FRA"]
[SourceTitle "EXT 2024"]
[Source "ChessBase"]
[SourceDate "2023.10.10"]
[SourceVersion "1"]
[SourceVersionDate "2023.10.10"]
[SourceQuality "1"]

1. e4 e6 2. d4 d5 3. Nd2 c5 4. exd5 Qxd5 5. dxc5 Nf6 6. Ngf3 Qxc5 7. Bd3 Nbd7 8. 0-0 Qc7 9. Nb3 Bd6 10. a4 0-0 11. h3 Ne5 12. Nbd4 a6 13. Nxe5 Bxe5 14. Nf3 Bd6 15. a5 Bd7 16. Qe2 Rfe8 17. Ng5 Bc6 18. Be3 Qe7 19. Bb6 Rac8 20. Rfd1 Bc7 21. Bxc7 Qxc7 22. Qe3 Rcd8 23. Ne4 Nd5 24. Qg3 Qxg3 25. Nxg3 Nb4 26. Ra3 Bb5 27. f3 f5 28. Kf2 Nxd3+ 29. cxd3 Rd4 30. Ne2 Rb4 31. Rd2 e5 32. g3 Rd8 33. Ke3 Kf7 34. Rc3 Rd7 35. Rc5 f4+ 36. gxf4 exf4+ 37. Kf2 Rxd3 38. Rxb5 Rxb5 39. Rxd3 Rxb2 40. Rd7+ Kf6 41. Ke1 Rb5 42. Nxf4 Rxa5 43. Rxb7 Rf5 44. Rb6+ Kf7 45. Nd3 a5 46. Kf2 g5 47. Kg3 Kg7 48. Kg4 Rd5 49. Nf2 h6 50. Ra6 Rd4+ 51. Ne4 a4 52. Kh5 Rd3 53. Ra7+ Kf8 54. Nf6 1-0

[Event "FRA-ch op-A"]
[Site "L'Alpe d'Huez"]
[Date "2023.08.22"]
[Round "4"]
[White "Arnaud, Aurelien"]
[Black "Bosc, Seraphina"]
[Result "1/2-1/2"]
[WhiteElo "2094"]
[BlackElo "2174"]
[PlyCount "71"]
[EventDate "2023.08.19"]
[EventType "swiss"]
[EventRounds "9"]
[EventCountry "FRA"]
[SourceTitle "EXT 2024"]
[Source "ChessBase"]
[SourceDate "2023.10.10"]
[SourceVersion "1"]
[SourceVersionDate "2023.10.10"]
[SourceQuality "1"]

1. d4 Nf6 2. c4 e6 3. g3 d5 4. Nf3 dxc4 5. Bg2 a6 6. 0-0 Nc6 7. e3 Rb8 8. Nfd2 Nd5 9. Nxc4 b5 10. Ncd2 Bb7 11. e4 Nf6 12. Nb3 Be7 13. Be3 0-0 14. Qe2 a5 15. Rd1 a4 16. Nc5 Bxc5 17. dxc5 Qe7 18. Qxb5 Ng4 19. Qe2 Nxe3 20. Qxe3 e5 21. Nc3 Nd4 22. Rac1 Qxc5 23. Ne2 Nxe2+ 24. Qxe2 Qb6 25. Qc4 Bc8 26. Qxa4 Qxb2 27. Rxc7 Be6 28. Rc2 Qb6 29. Rc6 Qb7 30. Ra6 Rfd8 31. Rxd8+ Rxd8 32. Rd6 Rc8 33. Qd1 h6 34. Rd8+ Rxd8 35. Qxd8+ Kh7 36. Qd1 1/2-1/2

[Event "Juvisy sur Orge (Women)"]
[Site "Juvisy sur Orge"]
[Date "2023.07.29"]
[Round "9"]
[White "Bosc, Seraphina"]
[Black "Fonte Sanchez, Paula"]
[Result "1/2-1/2"]
[WhiteElo "2134"]
[BlackElo "1979"]
[PlyCount "141"]
[EventDate "2023.07.22"]
[EventType "tourn"]
[EventRounds "9"]
[EventCountry "FRA"]
[SourceTitle "CBM 215 Extra"]
[Source "ChessBase"]
[SourceDate "2023.09.30"]
[SourceVersion "1"]
[SourceVersionDate "2023.09.30"]
[SourceQuality "1"]

1. b3 e5 2. Bb2 d6 3. c4 g6 4. d4 Nd7 5. e3 Bg7 6. Nc3 Ngf6 7. Nf3 c6 8. dxe5 dxe5 9. Qd6 Qe7 10. Qxe7+ Kxe7 11. Ba3+ Ke8 12. 0-0-0 Ng4 13. Ne4 Bf8 14. Bxf8 Kxf8 15. h3 f5 16. hxg4 fxe4 17. Ng5 Nf6 18. Be2 Ke7 19. Rh4 h6 20. Rdh1 Bxg4 21. Bxg4 Nxg4 22. Nxe4 h5 23. Kd2 Rad8+ 24. Ke2 b6 25. f3 Nf6 26. g4 Nxe4 27. fxe4 Rhg8 28. gxh5 gxh5 29. Rxh5 Rg2+ 30. Kf3 Rdd2 31. Rf1 Rxa2 32. Rxe5+ Kd6 33. Rh5 Rab2 34. e5+ Ke6 35. Ke4 Rg7 36. Rh6+ Kd7 37. e6+ Ke8 38. Rd1 Rbg2 39. Ke5 R7g6 40. Rh8+ Rg8 41. Rxg8+ Rxg8 42. Rd7 Rg3 43. Rxa7 Rxe3+ 44. Kd6 Rd3+ 45. Kxc6 Rxb3 46. Rb7 Re3 47. Kd5 Rd3+ 48. Ke4 Rb3 49. Kd5 Rd3+ 50. Kc6 Rc3 51. Kb5 Rb3+ 52. Ka6 Rb4 53. Rc7 Rb1 54. Ka7 Rb4 55. Kb7 Kd8 56. Rc6 Ke7 57. Kc7 b5 58. c5 Rc4 59. Kb6 b4 60. Kb5 Re4 61. Rb6 b3 62. Rb7+ Kd8 63. Ka5 Re5 64. e7+ Ke8 65. Rb5 b2 66. Kb6 Re2 67. c6 Kxe7 68. Kb7 Rc2 69. c7 Kd7 70. c8Q+ Rxc8 71. Rxb2 1/2-1/2